000 00505nam a22001697a 4500
003 PILC
005 20150112093425.0
008 130215t xxu||||| |||| 00| 0 eng d
020 _a9789710851294
050 _aHF 5635
_b.An628 1989
082 _aASF 657.21
_bAn8 1989
245 _aAccounting :
_cRobert N. Anthony, James S. Reece
_btext and cases /
260 _aManila
_bNational Book Store
_c1989
300 _a1030 pages :
_billustration ;
_c23 cm.
500 _aIncludes indexes
942 _2lcc
_cBK
999 _c14181
_d14181